कुन्दकुन्द का पञ्चास्तिकाय: : (Record no. 121424)

MARC details
000 -LEADER
fixed length control field 01389nam a22002657a 4500
005 - DATE AND TIME OF LATEST TRANSACTION
control field 20170124103214.0
010 ## - LIBRARY OF CONGRESS CONTROL NUMBER
LC control number B-134758
020 ## - INTERNATIONAL STANDARD BOOK NUMBER
Terms of availability 495.00
International Standard Book Number 8190255231
035 ## - SYSTEM CONTROL NUMBER
System control number B-134758
037 ## - SOURCE OF ACQUISITION
Source of stock number/acquisition Cen Lib/Ret
040 ## - CATALOGING SOURCE
Original cataloging agency DPL
Language of cataloging HN
082 ## - DEWEY DECIMAL CLASSIFICATION NUMBER
Classification number 181.492
Item number जीतेन्द्र
100 ## - MAIN ENTRY--PERSONAL NAME
Personal name जीतेन्द्र कुमार
9 (RLIN) 141820
245 ## - TITLE STATEMENT
Title कुन्दकुन्द का पञ्चास्तिकाय: :
Statement of responsibility, etc जीतेन्द्र कुमार
Remainder of title जैन-चिंतन में परमप और प्रयोग /
246 ## - VARYING FORM OF TITLE
Title proper/short title Kundkund ka panchstikaya : jain - chintan me parmapa aur prayog /
Remainder of title by Jitendra kumar
260 ## - PUBLICATION, DISTRIBUTION, ETC. (IMPRINT)
Place of publication, distribution, etc नयी दिल्ली
Name of publisher, distributor, etc यश पब्लिकेशन्स
Date of publication, distribution, etc 2005
270 ## - ADDRESS
City नयी दिल्ली
Address भारतीय इतिहास अनुसन्धान परिषद् X/909 चंद मौहल्ला, गाँधी नगर
Postal code 110031
300 ## - PHYSICAL DESCRIPTION
Extent 396पृ
Dimensions 20सेमी(सजिल्द )
500 ## - GENERAL NOTE
General note ग्रन्थ सूची एवं अनुक्रमाणिका शामिल
650 ## - SUBJECT ADDED ENTRY--TOPICAL TERM
Topical term or geographic name as entry element धर्म
General subdivision
Geographic subdivision
9 (RLIN) 141821
650 ## - SUBJECT ADDED ENTRY--TOPICAL TERM
Topical term or geographic name as entry element धर्म जैन
9 (RLIN) 1488
650 ## - SUBJECT ADDED ENTRY--TOPICAL TERM
Topical term or geographic name as entry element religion
9 (RLIN) 141822
650 ## - SUBJECT ADDED ENTRY--TOPICAL TERM
Topical term or geographic name as entry element Jainism
9 (RLIN) 141823
942 ## - ADDED ENTRY ELEMENTS (KOHA)
Source of classification or shelving scheme Dewey Decimal Classification
Koha item type Hindi Books
Classification part 181.492
Call number suffix जीतेन्द्र
Holdings
Withdrawn status Lost status Damaged status Not for loan Home library Current library Date acquired Source of acquisition Cost, normal purchase price Total Checkouts Full call number Barcode Date last seen Copy number Cost, replacement price Price effective from Koha item type
        Central Library Central Library 06/10/2015 Cen Lib/Ref 495.00   181.492 जीतेन्द्र B-134758 06/10/2015 1 495.00 15/09/2016 Hindi Books

© Delhi Public Library
Hit Counter
free hit counter